Yokai Sinistre - Statistiques

Statistiques générales
  • Ce quiz a été pris 9 fois
  • Le résultat moyen est 37 sur 73
Statistiques - réponses
Hint Réponse % Correct
499 Eterna
100%
466 Bicorniot
86%
497 Cenridion
86%
465 Corniot
86%
498 Jouvencia
86%
478 Lulugubre
86%
614 Cabotin
71%
467 Cerbebert
71%
500 Crocho
71%
451 Ecchinose
71%
509 Horridjinn
71%
450 Malmidal
71%
508 Oridjinn
71%
666 Aristocorniot
57%
480 Avallee
57%
461 Babarouf
57%
476 Blablara
57%
457 Chiperpiou
57%
446 Cravat en
57%
501 Darknyan
57%
453 Delujien
57%
447 Deshirley
57%
510 Diablotine
57%
462 Flamente
57%
454 Fryzeur
57%
456 Hemorhino
57%
452 Humidon
57%
504 Insomnelle
57%
455 Kongel
57%
490 Mephito
57%
481 Mont merci
57%
505 Morfea
57%
491 Ornella
57%
489 Pegaz
57%
459 Pioubidou
57%
469 Poil Emile
57%
468 Poilux
57%
458 Rapiaf
57%
479 Trempetta
57%
477 Umilie
57%
464 Volatriste
57%
460 Zikafon
57%
483 Adolfo Jeton
43%
507 Arachnia
43%
506 Arachnus
43%
485 Flopito
43%
496 Malocoeur
43%
484 Misterbide
43%
482 Pepesbrouf
43%
494 Persepoil
43%
493 Robocorniot
43%
492 Sornella
43%
463 Volibrius
43%
474 Werner Avif
43%
680 Affolanterne
29%
449 Carquentin
29%
473 Crassiella
29%
653 Escoffregriffe
29%
502 Hadespote
29%
495 Javamal
29%
503 Jean mechel
29%
663 Komanubis
29%
472 Non non
29%
652 Procrastinocchio
29%
475 Rengainael
29%
470 Theopportun
29%
471 Triopportun
29%
693 Zombigout
29%
654 Coco Barjo
14%
448 Maindecis
14%
487 Maracraque
14%
486 Seulimane
14%
488 Tai basse
14%
Aucun quiz correspondant
Distribution des résultats
% des personnes avec chaque résultat
Percentile par nombre de réponses
Votre historique - résultats
Vous n’avez pas pris ce quiz